000
00287nam a22001217a 4500
999
_c
14829
_d
14829
020
_a
9788183990245
082
_a
631.1
_b
KAN/OB
100
_a
Kantwa, S.R
_9
2049
245
_a
Objective agriculture
250
_a
17th ed
260
_a
New Delhi
_b
New Vishal Publications
_c
2016
942
_c
BK